000 00373 a2200157 4500
001 74475
020 _a857056628-X
040 _cAnchieta - Colégio São Paulo
100 _aSouza, Iara Liz Schiavinatto Carvalho
240 1 0 _aA república do progresso
_lpor
245 1 0 _aA república do progresso
300 _a43
362 0 _a1990
650 4 _aBrasil
942 _cBK
999 _c74475
_d74475